000 01052 a2200241 4500
020 _a0030247578
020 _a9780030247576
082 0 4 _a338
090 _c2537
_d2537
100 1 _aHodgetts, Richard M.
245 1 0 _aEffective small business management /
_cRichard M. Hodgetts.
250 _a6th ed.
260 _a[S.l.] :
_bHarcourt Brace College Publishers,
_c1997.
300 _a643 p. ;
_c26 cm.
490 1 _aThe dryden press series in entrepreneurship.
500 _aHardcover.
520 _aOVERVIEW This text introduces the world of small business and details its diverse management aspects. It also presents the most current concerns of small business today, including the expanding world of electronic commerce.
700 1 _aKuratko, Donald F.
830 4 _aThe dryden press series in entrepreneurship.
856 4 0 _3Amazon.com
_uhttp://www.amazon.com/exec/obidos/ASIN/0030247578/chopaconline-20
856 4 0 _3Amazon customer reviews
_uhttp://www.chopac.org/cgi-bin/tools/azrev.pl?q=0030247578
942 _aNBS
_cBK
_k658.15 HOD
999 _c345032
_d345032